| 000 | 00424nam a2200181Ia 4500 | ||
|---|---|---|---|
| 001 | 24259 | ||
| 005 | 20260414151031.0 | ||
| 008 | 260414t2015||||xx |||||||||||||| ||spa|| | ||
| 041 | _aESP | ||
| 082 |
_a345.2 _bC32 |
||
| 100 |
_aCastillo Alva, José Luis _eAUT |
||
| 245 | 0 |
_aPrisión preventiva _b |
|
| 260 | _c2015 | ||
| 300 |
_a252 páginas : _c24 cm. |
||
| 650 | _aDER | ||
| 654 | _aCDE | ||
| 942 |
_cLIB _dJUS _fJUS _2ddc _n |
||
| 999 |
_c24259 _d24259 |
||